| 000 -ლიდერი |
| ფიქსირებული სიგრძის საკონტროლო ველი |
01489nam a2200241Ia 4500 |
| 001 - საკონტროლო ნომერი |
| საკონტროლო ველი |
19738 |
| 003 - საკონტროლო ნომრის იდენტიფიკატორი |
| საკონტროლო ველი |
GE_BSU |
| 005 - ბოლო ოპერაციის თარიღი და დრო |
| საკონტროლო ველი |
20200416154548.0 |
| 008 - ფიქსირებული სიგრძის მონაცემთა ელემენტები - ზოგადი ინფორმაცია |
| ფიქსირებული სიგრძის საკონტროლო ველი |
181216s2013||||ge |||||||||||||| ||geo|| |
| 020 ## - წიგნის საერთაშორისო სტანდარტული ნომერი |
| International Standard Book Number |
9789941045547(მეცამეტე წიგნის) |
| 040 ## - კატალოგიზაციის წყარო |
| Transcribing agency |
GE_BSU |
| 041 ## - ენის კოდი |
| Language code of text/sound track or separate title |
geo |
| 080 ## - უნივერსალური ათობითი კლასიფიკაციის ინდექსი |
| Universal Decimal Classification number |
016 ს-32 |
| 245 ## - ცნობა სათაურის შესახებ |
| Title |
საქართველო - ანოტირებული ბიბლიოგრაფიული საძიებელი : |
| Remainder of title |
წ. 13 / |
| Statement of responsibility, etc |
საძიებელზე მუშაობდნენ : ე. იმნაძე, დ. თეთრაშვილი, ლ. ლორთქიფანიძე და სხვ. ; გამოც. რედ. ვ. კიკილაშვილი ; ბიბლიოგრ. რედ. გ. თაყნიაშვილი ; რედ. ჟ. ქავთარაძე. |
| 264 ## - წარმოების, გამოცემის, დისტრიბუციის და სხვა ცნობები |
| გამოცემის, წარმოების, დისტრიბუციის... ადგილი |
თბილისი : |
| გამოცემის, წარმოების, დისტრიბუციის... სახელწოდება |
[გ.გ.], |
| გამოცემის, წარმოების, დისტრიბუციის... თარიღი |
2013. |
| 300 ## - ფიზიკური აღწერა |
| Extent |
369 გვ. ; |
| Dimensions |
20 სმ. |
| 653 ## - INDEX TERM--UNCONTROLLED |
| Uncontrolled term |
ბიბლიოგრაფია |
| 653 ## - INDEX TERM--UNCONTROLLED |
| Uncontrolled term |
საქართველო - ანოტირებული ბიბლიოგრაფია |
| 700 ## - ADDED ENTRY--PERSONAL NAME |
| Personal name |
თაყნიაშვილი, გ. |
| Relator term |
რედაქტორი |
| 9 (RLIN) |
7920 |
| 700 ## - ADDED ENTRY--PERSONAL NAME |
| Personal name |
ქავთარაძე, ჟ. |
| Relator term |
რედაქტორი |
| 9 (RLIN) |
7921 |
| 710 ## - ADDED ENTRY--CORPORATE NAME |
| Corporate name or jurisdiction name as entry element |
საქართველოს პარლამენტის ეროვნული ბიბლიოთეკა |
| 9 (RLIN) |
7897 |
| 942 ## - ADDED ENTRY ELEMENTS (KOHA) |
| Koha item type |
წიგნი |
| Source of classification or shelving scheme |
|